01319cam a2200289 a 450000100100000000500170001000800410002702000150006804000350008308200170011810000390013524501160017426000680029030000320035850400580039065000620044865000650051065000580057565000290063370000320066271001090069471000450080391000340084804900090088295201210089199900170101200001336920240528191003.0000720s1998 ck a b 001 0 spa d a9589057861 aDO-SdBNPbspacBIDdDLCdBNPHU a338.9bC355e1 aCastro Rodríguez, Raúl.93057710aEvaluación económica y social de proyectos de inversión /cRaúl Castro Rodríguez, Karen Marie Mokate. aSantafé de Bogotá, (Colombia) :bEdiciones Uniandes,c1998. axv, 424 p. :bil. ;c24 cm. aIncluye referencias bibliográficas (p. [419] -424). 4aProyectos de desarrollo económicosxEvaluación930578 4aProyectos de desarrollo económicosxAspectos social930579 4aProyectos de desarrollo económicosxFinanzas930580 4aCoste-efectividad9305811 aMokate, Karen Marie.9305822 aUniversidad De Los AndesbFacultad de EconomíabCentro de Estudios Sobre Desarrollo Económico9305832 aBanco Interamericano de Desarrollo99655 aCatalogación por copia / LC aBNGR 001052708MOaGRbGRcCTd2009-11-23iLF1l0o338.9 C355ep13369-10r2020-06-25w2020-06-25y2ZPréstamo interno c12995d12995